| 000 | 00611nam a2200205Ia 4500 | ||
|---|---|---|---|
| 999 |
_c54 _d54 |
||
| 020 | _a0-571-09580-1 | ||
| 082 | _a306.430942 TAP-; | ||
| 100 | _aTapper, Ted | ||
| 245 | 0 | _aYoung people and society | |
| 260 |
_aLondon _bFaber and Faber _c1971 |
||
| 300 | _a176p. | ||
| 504 | _aIncludes index | ||
| 650 | _aEducational sociology - United Kingdom | ||
| 650 | _aSociology - United Kingdom | ||
| 650 | _aYouth - Political activity - United Kingdom | ||
| 650 | _aSocial change - United Kingdom | ||
| 650 | _aEducation - Research - United Kingdom | ||
| 650 | _aSocialism and youth - United Kingdom | ||
| 942 | _cBK | ||